Normal view
MARC view
- Dr Nawar Khan
Entry Corporate Name
001 - CONTROL NUMBER
- control field: 91320
003 - CONTROL NUMBER IDENTIFIER
- control field: NUST
005 - DATE AND TIME OF LATEST TRANSACTION
- control field: 20220509110212.0
008 - FIXED-LENGTH DATA ELEMENTS
- fixed length control field: 220509|| aca||aabn | a|a d
040 ## - CATALOGING SOURCE
- Original cataloging agency: NUST
- Transcribing agency: NUST
110 ## - HEADING--CORPORATE NAME
- Corporate name or jurisdiction name as entry element: Dr Nawar Khan
670 ## - SOURCE DATA FOUND
- Source citation: Work cat.: (NUST): M Haroon Mukhtar 91319, TH-SOF-0864-Identification And Analysis Of Shortcomings In Project Planning And Communication In Telecom Sector Of Pakistan To Develop Remedial Measures As A Framework, 2013.
